The pursuit of loneliness : American culture at the breaking point

Spremljeno u:
Bibliografski detalji
Glavni autor: Slater, Philip Elliot
Format: Knjiga
Jezik:Undetermined
Izdano: Boston Beacon Press 1970
Teme:
Oznake: Dodaj oznaku
Bez oznaka, Budi prvi tko označuje ovaj zapis!
Thư viện lưu trữ: Trung tâm Học liệu Trường Đại học Cần Thơ
LEADER 00549nam a2200193Ia 4500
001 CTU_77597
008 210402s9999 xx 000 0 und d
082 |a 917.30392 
082 |b S631 
100 |a Slater, Philip Elliot 
245 4 |a The pursuit of loneliness : 
245 0 |b American culture at the breaking point 
245 0 |c Philip E. Slater 
260 |a Boston 
260 |b Beacon Press 
260 |c 1970 
650 |a National characteristics,American 
904 |i Bằng 
980 |a Trung tâm Học liệu Trường Đại học Cần Thơ